Представление документа в формате RUSMARC

ПолеНазваниеЗначение
  Тип записи a
  Библиографический уровень a
001 Контрольный номер RU/CBS_Ul/BASE/451478756
005 Дата корректировки 20240209175103.9
100 Данные общей обработки __
a Данные общей обработки 20140422d2014 ||| 0rusy0179 ca
101 Язык документа 0_
a Язык текста rus
102 Страна публикации __
a Страна публикации RU
105 Кодированные данные (монография) __
a Кодированные данные (монография) y###||||000|y
200 Заглавие и сведения об ответственности 1_
a Заглавие "Симбирянин" 1916 год
b Общее обозначение материала Текст
e Сведения, относящиеся к заглавию [оказывается сто лет назад солдат русской армии называли "серыми", а Первую мировую войну - Великой мировой, местная газета "Симбирянин" за 1916 год]
300 Общие примечания __
a Общие примечания Ограничения по возрасту 16 +
461 Уровень набора _0
1 2000
a Мономах
463 Уровень физической единицы _0
1 001RU/CBS_Ul/BASE/451478501
1 2000
a №2
v С. 6
1 210
d 2014
606 Тематические рубрики __
a Основная рубрика Первая мировая война - 1914 - 1918 - Россия - Герои и героизм
610 Ключевые слова 0_
a Ключевые слова Первая мировая война
a Ключевые слова войны
a Ключевые слова Симбирянин (газета)
686 Индексы других классификаций __
a Классификационный индекс 63.3(2)53
2 Код системы ББК
801 Источник записи _0
a Страна RU
b Организация МБУК ЦБС г. Ульяновска
c Дата составления 20140422
g Правила каталогизации RCR
801 Источник записи _1
a Страна RU
b Организация МБУК ЦБС г. Ульяновска
c Дата составления 20140422
g Правила каталогизации RCR
900 Электронные ресурсы __
a Имя электронного ресурса Симбирянин 1916 год
901 Тип документа __
t Тип документа b
w Контрольный № источника RU/CBS_Ul/BASE/451478501
910 Корректоры записи __
a Корректор записи admin2
938 Служебная информация __
a Имя БД kraeved